[Event "DEN-ch"]
[Site "Svendborg"]
[Date "2024.03.24"]
[Round "2"]
[White "Borge, Nikolaj"]
[Black "Haubro, Martin"]
[Result "1-0"]
[WhiteElo "2379"]
[BlackElo "2436"]
[PlyCount "57"]
[EventDate "2024.03.23"]
[EventType "tourn"]
[EventRounds "9"]
[EventCountry "DEN"]
[EventCategory "7"]
[SourceTitle "CB14_2024"]
[SourceDate "2024.04.01"]
[SourceVersion "1"]
[SourceVersionDate "2024.04.01"]
[SourceQuality "1"]

1. e4 c5 2. Nf3 d6 3. d4 cxd4 4. Nxd4 Nf6 5. Nc3 a6 6. Bc4 e6 7. a3 b5 8. Ba2 Be7 9. Qe2 Bd7 10. f4 Nc6 11. Nf3 Qc7 12. e5 dxe5 13. fxe5 Ng4 14. Bf4 g5 15. Nxg5 Ncxe5 16. Nxf7 Kxf7 17. Rf1 Ke8 18. 0-0-0 Rf8 19. Bxe5 Nxe5 20. Qh5+ Nf7 21. Nd5 Qc6 22. Nf6+ Bxf6 23. Rxf6 Rc8 24. Qxh7 Rc7 25. Qg6 Ke7 26. Rdf1 Kd8 27. Rxf7 Re8 28. Rd1 Kc8 29. Rfxd7 1-0

[Event "Copenhagen CC GM"]
[Site "Ballerup"]
[Date "2023.08.25"]
[Round "5"]
[White "Haubro, Martin"]
[Black "Seo, Jung Min"]
[Result "1/2-1/2"]
[WhiteElo "2386"]
[BlackElo "2466"]
[PlyCount "113"]
[EventDate "2023.08.23"]
[EventType "tourn"]
[EventRounds "9"]
[EventCountry "DEN"]
[EventCategory "6"]
[SourceTitle "CBM 215 Extra"]
[Source "ChessBase"]
[SourceDate "2023.09.30"]
[SourceVersion "1"]
[SourceVersionDate "2023.09.30"]
[SourceQuality "1"]

1. e4 c5 2. Nf3 d6 3. d4 cxd4 4. Nxd4 Nf6 5. Nc3 a6 6. Bg5 Nbd7 7. Bc4 Qb6 8. Bb3 e6 9. a4 Qa5 10. Qd2 Be7 11. f3 Ne5 12. 0-0 Nc6 13. Be3 Nxd4 14. Qxd4 e5 15. Qd3 Be6 16. Nd5 Bxd5 17. exd5 0-0 18. c4 Rac8 19. Qd2 Bd8 20. Qxa5 Bxa5 21. Kf2 Nd7 22. Ke2 b6 23. Rac1 Bb4 24. Bc2 g6 25. b3 a5 26. g4 Bc5 27. Bh6 Rfe8 28. h4 f6 29. Rh1 Bd4 30. Rh3 Nc5 31. Rg3 Rc7 32. Rf1 Rcc8 33. Bc1 Rcd8 34. Rh1 Kg7 35. h5 g5 36. h6+ Kg8 37. Rd1 Bc3 38. Be3 Bd4 39. Bc1 Bc3 40. Ba3 Bd4 41. Rb1 Na6 42. Bf5 Re7 43. Rg2 Bc5 44. Bb2 Bb4 45. Kd3 Rde8 46. Rf1 Nc5+ 47. Kc2 Kf8 48. Rff2 Rf7 49. Re2 Ke7 50. Bc1 Kd8 51. Be3 Rfe7 52. Rh2 Rb7 53. Rh5 Rg8 54. Rg2 Ke8 55. Bf2 Re7 56. Bg3 Rf8 57. Re2 1/2-1/2

[Event "Copenhagen CC GM"]
[Site "Ballerup"]
[Date "2023.08.23"]
[Round "1"]
[White "Olsen, Filip Boe"]
[Black "Haubro, Martin"]
[Result "1/2-1/2"]
[WhiteElo "2421"]
[BlackElo "2386"]
[PlyCount "69"]
[EventDate "2023.08.23"]
[EventType "tourn"]
[EventRounds "9"]
[EventCountry "DEN"]
[EventCategory "6"]
[SourceTitle "CBM 215 Extra"]
[Source "ChessBase"]
[SourceDate "2023.09.30"]
[SourceVersion "1"]
[SourceVersionDate "2023.09.30"]
[SourceQuality "1"]

1. d4 Nf6 2. c4 e6 3. Nf3 d5 4. g3 Bb4+ 5. Bd2 Be7 6. Bg2 0-0 7. 0-0 c6 8. Bc3 Nbd7 9. Nbd2 b6 10. b4 dxc4 11. Nxc4 Ba6 12. Qb3 Rc8 13. Rfd1 Qc7 14. Rac1 Qb7 15. Bd2 Qa8 16. Nfe5 Nxe5 17. dxe5 Nd5 18. h4 Qb8 19. Qb2 Bxc4 20. Rxc4 b5 21. Rcc1 Nb6 22. Bf4 c5 23. bxc5 Na4 24. Qb3 Nxc5 25. Qe3 Qb6 26. h5 Rfd8 27. h6 g6 28. Bg5 Rxd1+ 29. Rxd1 Bf8 30. Qf4 a5 31. Qf6 Qc7 32. Rc1 Qb8 33. Rd1 Qc7 34. Rc1 Qb8 35. Rd1 1/2-1/2

[Event "Copenhagen Obro CXU op"]
[Site "Copenhagen"]
[Date "2023.07.27"]
[Round "5"]
[White "Hamitevici, Vladimir"]
[Black "Haubro, Martin"]
[Result "1/2-1/2"]
[WhiteElo "2494"]
[BlackElo "2386"]
[PlyCount "142"]
[EventDate "2023.07.24"]
[EventType "swiss"]
[EventRounds "9"]
[EventCountry "DEN"]
[SourceTitle "CBM 215 Extra"]
[Source "ChessBase"]
[SourceDate "2023.09.30"]
[SourceVersion "1"]
[SourceVersionDate "2023.09.30"]
[SourceQuality "1"]

1. e4 e5 2. Nf3 Nc6 3. Be2 Nf6 4. d3 d5 5. Nbd2 Be7 6. 0-0 0-0 7. c3 a5 8. b3 Be6 9. Re1 Nd7 10. exd5 Bxd5 11. Bf1 f6 12. Ne4 Nc5 13. Ng3 Qd7 14. d4 exd4 15. Nxd4 Rfe8 16. Bb5 Bf8 17. Be3 Red8 18. c4 Be6 19. Bxc6 bxc6 20. Qc2 Bf7 21. f4 Ne6 22. Nf3 Qd3 23. Qf2 Bb4 24. f5 Nf8 25. Rf1 Bc3 26. Rab1 Rd7 27. Rfc1 Re8 28. Bc5 h5 29. h4 Rdd8 30. Kh2 Bb4 31. Bxb4 axb4 32. Rb2 Qe3 33. Qxe3 Rxe3 34. Re1 Rxe1 35. Nxe1 Rd1 36. Nc2 c5 37. Ne3 Rd4 38. Kh3 Nd7 39. Ngf1 Ne5 40. Rd2 Kf8 41. Nc2 Rd3+ 42. Rxd3 Nxd3 43. Kg3 Be8 44. Kf3 Bc6+ 45. Ke3 Nc1 46. Ne1 Nxa2 47. Nd3 Bxg2 48. Ng3 Bh3 49. Nxc5 Kf7 50. Kd2 g6 51. fxg6+ Kxg6 52. Na6 c6 53. Ne2 Bc8 54. Nc5 Kf5 55. Nd4+ Kg4 56. Nxc6 Kxh4 57. Ne4 Bb7 58. Nxb4 Bxe4 59. Nxa2 Kg4 60. Nc3 Bf3 61. Nd1 h4 62. Ne3+ Kf4 63. Nf1 h3 64. b4 Bh5 65. b5 Be8 66. Ke2 Bf7 67. Kd3 Be8 68. Ke2 Bd7 69. Kf2 Ke4 70. Ng3+ Kd4 71. Nh5 Kxc4 1/2-1/2

[Event "DEN-ch"]
[Site "Svendborg"]
[Date "2023.04.09"]
[Round "9"]
[White "Haubro, Martin"]
[Black "Borge, Nikolaj"]
[Result "0-1"]
[WhiteElo "2397"]
[BlackElo "2387"]
[PlyCount "112"]
[EventDate "2023.04.01"]
[EventType "tourn"]
[EventRounds "9"]
[EventCountry "DEN"]
[EventCategory "9"]
[SourceTitle "CBM 213 Extra"]
[Source "ChessBase"]
[SourceDate "2023.05.31"]
[SourceVersion "1"]
[SourceVersionDate "2023.05.31"]
[SourceQuality "1"]

1. e4 e5 2. Nf3 Nc6 3. Bb5 a6 4. Ba4 Nf6 5. d3 d6 6. c3 g6 7. 0-0 Bg7 8. Re1 0-0 9. h3 Re8 10. Be3 b5 11. Bc2 a5 12. Nbd2 Bb7 13. a3 Qd7 14. d4 a4 15. Rc1 Na5 16. dxe5 dxe5 17. c4 Nxc4 18. Nxc4 bxc4 19. Qxd7 Nxd7 20. Bd1 Bxe4 21. Rxc4 Bd5 22. Rxc7 Nf8 23. Rc5 Red8 24. Rb5 e4 25. Nd2 Ne6 26. Rb4 f5 27. Nb1 Rdb8 28. Rxb8+ Rxb8 29. Bxa4 Rxb2 30. g3 Ba2 31. Nd2 Bf8 32. Rc1 Bxa3 33. Rc8+ Bf8 34. Bd7 Rb7 35. Bc6 Rc7 36. Rxc7 Nxc7 37. g4 Bd6 38. gxf5 gxf5 39. Ba7 Bd5 40. Bd7 Be6 41. Bxe6+ Nxe6 42. f3 Bf4 43. Nf1 Kf7 44. fxe4 fxe4 45. Be3 Kf6 46. Bxf4 Nxf4 47. Kf2 Nd5 48. Kg3 Kf5 49. Nh2 Ne3 50. Kf2 Kf4 51. Ke2 h6 52. Kf2 h5 53. Ke2 Nf5 54. Kf2 e3+ 55. Ke2 Nd4+ 56. Kf1 Ke5 0-1

[Event "DEN-ch"]
[Site "Svendborg"]
[Date "2023.04.02"]
[Round "2"]
[White "Haubro, Martin"]
[Black "Nielsen, Viktor Haarmark"]
[Result "1-0"]
[WhiteElo "2397"]
[BlackElo "2335"]
[PlyCount "91"]
[EventDate "2023.04.01"]
[EventType "tourn"]
[EventRounds "9"]
[EventCountry "DEN"]
[EventCategory "9"]
[SourceTitle "CBM 213 Extra"]
[Source "ChessBase"]
[SourceDate "2023.05.31"]
[SourceVersion "1"]
[SourceVersionDate "2023.05.31"]
[SourceQuality "1"]

1. e4 c5 2. Nf3 e6 3. d4 cxd4 4. Nxd4 Nf6 5. Nc3 Nc6 6. Nxc6 bxc6 7. e5 Nd5 8. Ne4 Qc7 9. f4 Qb6 10. c4 Ne3 11. Qd3 Bb4+ 12. Nc3 Nf5 13. Bd2 Rb8 14. b3 h5 15. Be2 c5 16. 0-0 Nd4 17. Ne4 Bxd2 18. Nd6+ Kf8 19. Qxd2 f5 20. Bf3 h4 21. h3 g6 22. Rad1 Rg8 23. Kh1 a5 24. Nb5 Nxb5 25. cxb5 Qxb5 26. Rc1 Qb6 27. Qf2 Rh8 28. Rxc5 Kf7 29. Rd1 Qa7 30. Qc2 Rd8 31. Qc3 a4 32. Ra5 Qb6 33. Rxa4 Bb7 34. Rad4 d5 35. exd6 Rd7 36. Bxb7 Rbxb7 37. Qe1 Qd8 38. Qe5 Rb6 39. b4 Qa8 40. Re1 Qxa2 41. Kh2 Rb8 42. Re2 Qb3 43. Re3 Qa2 44. Rc3 Rbd8 45. Rc7 Qa4 46. Rdc4 1-0

[Event "Dublin Irish New Year GM"]
[Site "Dublin"]
[Date "2023.01.07"]
[Round "6"]
[White "Haubro, Martin"]
[Black "Van Foreest, Lucas"]
[Result "1-0"]
[WhiteElo "2395"]
[BlackElo "2583"]
[PlyCount "113"]
[EventDate "2023.01.04"]
[EventType "tourn"]
[EventRounds "9"]
[EventCountry "IRL"]
[EventCategory "6"]
[SourceTitle "CBM 212 Extra"]
[Source "ChessBase"]
[SourceDate "2023.03.31"]
[SourceVersion "1"]
[SourceVersionDate "2023.03.31"]
[SourceQuality "1"]

1. e4 c5 2. Nf3 d6 3. d4 cxd4 4. Nxd4 Nf6 5. Nc3 a6 6. h3 g6 7. g4 Bg7 8. Bg2 Nfd7 9. Be3 Nc6 10. 0-0 h5 11. g5 0-0 12. a4 Rb8 13. Qd2 Nde5 14. b3 Bxh3 15. f3 Bxg2 16. Kxg2 Rc8 17. Nd5 e6 18. Nxc6 Nxc6 19. Bb6 exd5 20. Bxd8 Rfxd8 21. exd5 Nd4 22. Rac1 Rc5 23. Kh1 Rdc8 24. Qb4 b5 25. axb5 axb5 26. Rf2 Nf5 27. c4 Rxd5 28. cxd5 Rxc1+ 29. Kh2 Bd4 30. Re2 Bg1+ 31. Kh3 Bc5 32. Qxb5 Rh1+ 33. Kg2 Rg1+ 34. Kh2 Nh4 35. Qe8+ Kg7 36. Qe4 Nf5 37. b4 Bd4 38. Rd2 Bb6 39. Rg2 Rd1 40. Qc2 Ne3 41. Qb3 Bd4 42. f4 Rf1 43. Re2 Ng4+ 44. Kg3 Rg1+ 45. Kf3 Kh7 46. Qc4 Rf1+ 47. Ke4 Bg7 48. Qc7 Kg8 49. Qd8+ Kh7 50. Qxd6 Rc1 51. Qc5 Rd1 52. b5 f5+ 53. gxf6 Nxf6+ 54. Kf3 Nxd5 55. b6 Nc3 56. b7 Nxe2 57. Kxe2 1-0

[Event "Dublin Irish New Year GM"]
[Site "Dublin"]
[Date "2023.01.06"]
[Round "4"]
[White "Turner, Matthew"]
[Black "Haubro, Martin"]
[Result "1/2-1/2"]
[WhiteElo "2451"]
[BlackElo "2395"]
[PlyCount "41"]
[EventDate "2023.01.04"]
[EventType "tourn"]
[EventRounds "9"]
[EventCountry "IRL"]
[EventCategory "6"]
[SourceTitle "CBM 212 Extra"]
[Source "ChessBase"]
[SourceDate "2023.03.31"]
[SourceVersion "1"]
[SourceVersionDate "2023.03.31"]
[SourceQuality "1"]

1. d4 Nf6 2. Nf3 d5 3. c4 e6 4. Bg5 h6 5. Bxf6 Qxf6 6. g3 dxc4 7. Qa4+ Bd7 8. Qxc4 c5 9. Nc3 cxd4 10. Qxd4 Qxd4 11. Nxd4 Nc6 12. Nb3 Nb4 13. Rc1 Bc6 14. e4 Bd7 15. Be2 Be7 16. 0-0 0-0 17. Rfd1 Rfd8 18. a3 Nc6 19. Nb5 a6 20. Nd6 Bc8 21. Nxc8 1/2-1/2